Normal view
MARC view
Entry Geographic Name
001 - CONTROL NUMBER
- control field: 14595
003 - CONTROL NUMBER IDENTIFIER
- control field: BD-RjUL
005 - DATE AND TIME OF LATEST TRANSACTION
- control field: 20241207110210.0
008 - FIXED-LENGTH DATA ELEMENTS
- fixed length control field: 241207|| aca||aabn | a|a d
040 ## - CATALOGING SOURCE
- Original cataloging agency: BD-RjUL
- Transcribing agency: BD-RjUL
151 ## - HEADING--GEOGRAPHIC NAME
- Geographic name: Punjab (India)
- General subdivision: Social life and customs
670 ## - SOURCE DATA FOUND
- Source citation: Work cat.: (BD-RjUL)84468: Prior, L. F. Loveday (Lilian Faith Loveday) 14594, Punjab prelude, 1952.